| 000 | 00507nam a2200169 i 4500 | ||
|---|---|---|---|
| 001 | 29697 | ||
| 003 | ES-MaACL | ||
| 005 | 20230906154056.0 | ||
| 007 | t| | ||
| 008 | 030122s1958 sp ||||1| spa d | ||
| 100 | 1 |
_aBallesteros Jaime, Lucio. _925059 |
|
| 245 | 1 | 0 |
_aCaudal / _cLucio Ballesteros Jaime ; prólogo de José Ombuena. |
| 260 |
_aValencia : _b[s.n., _c1958] ( _fTip. sucs. Vives Mora) |
||
| 300 |
_a81 p. ; _c25 cm. |
||
| 700 | 1 |
_aOmbuena, José. _987038 |
|
| 852 |
_aES-MaACL _j1699-F-8 _bR.42656 |
||
| 999 |
_c29697 _d29697 |
||